| 000 | 00748cam a22002653a 4500 | ||
|---|---|---|---|
| 001 | 26920 | ||
| 003 | PGUSA | ||
| 005 | 20140828083600.0 | ||
| 008 | 081014s2008||||xxu|||||s|||||000 | eng d | ||
| 040 |
_aPGUSA _beng |
||
| 042 | _adc | ||
| 050 | 4 | _aHD | |
| 100 | 1 |
_aHuan, Kuan, _d1st cent. B.C. |
|
| 245 | 1 | 0 |
_a鹽鐵論 _h[electronic resource] / _cKuan Huan |
| 260 |
_bProject Gutenberg, _c2008 |
||
| 506 | _aPublic domain in the USA. | ||
| 516 | _aElectronic text | ||
| 653 | _aIron industry and trade -- China | ||
| 653 | _aGovernment monopolies -- China | ||
| 653 | _aSalt industry and trade -- China | ||
| 740 | 0 | _aYan Tie Lun | |
| 830 | 0 |
_aProject Gutenberg _v26920 |
|
| 856 | 4 | 0 | _uhttp://www.gutenberg.org/ebooks/26920 |
| 942 | _cEB | ||
| 999 |
_c256175 _d256175 |
||